1227 1795 1552 1193 1182 1518 1748 1452 1079 1035 1324 1503 1283 1983 1168 1727 1931 1443 1225 1480 1536 1819 1120 1039 1062 1320 1411 1645 1580 1306 1773 1143 1554 1186 1222 1188 1664 1041 1277 1985 1156 1727 1127 1261 2000 1455 1601 1476 1184 1935 1328 1165 1130 1776 1287 1747 1064 1010 1846 1900 1840 1617 1953 1596 1754 1544 1654 1073 1916 1191 1609 1646 1412 1866 1929 1101 1118 1209 1811 1208 1335 1647 1461 1773 1569 1580 1902 1852 1883 1572 1482 1579 1391 1672 1593 1767 1631 1917 1132 BCNSPRNW ULIB Ver.6.0+V

เปลี่ยนเป็นภาษาไทย

Change to English
 แสดงรายละเอียดบรรณานุกรม
  กลับหน้าหลัก

Brief Record : Get Marc (ISO 2709) : E-mail record : QR code < ปิดหน้าต่าง
LEADER : 00000nam 2200000uu 4500
001    13399123856
003     ULIB
008    141212s2556||||th 000 0 tha d
020    ^a9786162790409
060  4 ^aWO500^bม482H
110 1  ^aมหาวิทยาลัยมหิดล.^bคณะแพทยศาสตร์ศิริราชพยาบาล
245 00 ^aHead neck and breast surgery, volume 6 /^cบรรณาธิการ ; สืบวงศ์ จุฑาภิสิทธิ์, วราภรณ์ อิ่มฤทัยเจริญโชค, มงคล บุญศรีพิทยานนท์
250    ^aพิมพ์ครั้งที่ 1
260    ^aกรุงเทพฯ :^bภาควิชาศัลยศาสตร์ คณะแพทยศาสตร์ศิริราชพยาบาลมหาวิทยาลัยมหิดล,^c2556
300    ^a227 หน้า :^bภาพประกอบ ;^c21 ซม
504    ^aบรรณานุกรมท้ายบท
650  7 ^aศีรษะ^xการผ่าตัด
650  7 ^aคอ^xการผ่าตัด
650  7 ^aหน้าอก^xการผ่าตัด
650  7 ^aเต้านม^xการผ่าตัด
700 0  ^aสืบวงศ์ จุฑาภิสิทธิ์,^eบรรณาธิการ
700 0  ^aวราภรณ์ อิ่มฤทัยเจริญโชค,^eบรรณาธิการ
700 0  ^aมงคล บุญศรีพิทยานนท์,^eบรรณาธิการ
700 0  ^aโสภาคย์ มนัสนยกรณ์.^tBreast conserving surgery afterneoadjuvant systemic treatment
700 0  ^aอภิชัย อังสพัทธ์.^tExperience in microsurgical reconstructionin head and neck cancer
710 2  ^aจุฬาลงกรณ์มหาวิทยาลัย.^bภาควิชาศัลยศาสตร์
945    ^p500^l0^i22397
945    ^p500^l0^i22398
999    ^aทศพร เกษรทอง
รายการนี้ยังไม่มีแท็ก
คุณยังไม่ได้ล็อกอิน คุณสามารถมีกิจกรรมร่วมกับเว็บไซต์ได้ แต่ต้องล็อกอินก่อน ::
  ล็อกอิน

รายการสื่อสารสนเทศ

ลำดับที่ ประเภท เลขเรียก/บาร์โค้ด สถานที่ สถานะ
1. วิทยาศาสตร์การแพทย์ และสุขภาพ
วิทยาศาสตร์การแพทย์ และสุขภาพ
สถานะ=หนังสือเก่า
WO500 ม482H ฉ.1 
  Barcode: 22397
ห้องสมุดวิทยาเขตนครสวรรค์
►ส่วนจัดเก็บหนังสือเก่า นว.
บนชั้น
  ขอยืม
2. วิทยาศาสตร์การแพทย์ และสุขภาพ
วิทยาศาสตร์การแพทย์ และสุขภาพ
สถานะ=หนังสือเก่า
WO500 ม482H ฉ.2 
  Barcode: 22398
ห้องสมุดวิทยาเขตนครสวรรค์
►ส่วนจัดเก็บหนังสือเก่า นว.
บนชั้น
  ขอยืม

BibComment


ยังไม่เคยถูกคอมเมนท์

คอมเมนท์ทรัพยากรรายการนี้
  คอมเมนท์: Head neck and br..


 Copyright 2026. Bcnsprnw @Library